00776nam a22002297a 450000500170000001000130001702000220003003500130005203700170006504000120008208200160009410000250011024500410013526000490017627000490022530000280027465000390030265000260034194200250036799900190039295201350041120170124105933.0 aB-209679 c00.00a8185989915 aB-209679 bCen Lib/ Ret aDPLbEN a657.42bMIT aMittal. D. K.990942 aPractical costing /cby D. K. Mittal aNew DelhibGalgotia Publishing Companyc2003 a6A/4, W.E.A., Karol Bagh bNew Delhie110005 a751p. :bill.c22cm(Hb) aTechnology (Applied Science)98855 aProcess Costing98856 2ddccENh657.42mMIT c123999d123999 00104070aLbLd2015-06-13eCen Lib/Retg0.00l1o657.42 MITpB-209679r2018-10-28 00:00:00s2018-10-13t1v0.00w2015-06-13yEN